ბათუმის შოთა რუსთაველის სახელმწიფო უნივერსიტეტის ბიბლიოთეკა

ჩანაწერი Corporate Name

ჩანაწერთა რაოდენობა, რომელიც გამოყენებულია: 1

001 - CONTROL NUMBER

  • control field: 18174

003 - CONTROL NUMBER IDENTIFIER

  • control field: GE_BSU

005 - DATE AND TIME OF LATEST TRANSACTION

  • control field: 20230522165146.0

008 - FIXED-LENGTH DATA ELEMENTS

  • fixed length control field: 230522|| aca||aabn | a|a d

040 ## - CATALOGING SOURCE

  • Original cataloging agency: GE_BSU
  • Transcribing agency: GE_BSU

110 ## - HEADING--CORPORATE NAME

  • Corporate name or jurisdiction name as entry element: ვანის რ-ნის ძველი, ახალი და უახლესი ისტორიის ეთნოლოგიისა და ფოლკლორის კვლევების ცენტრი
  • Subordinate unit: ილიას სახელმწ. უნ-ტის პალეოურბანული კვლევების ლაბორატორია

670 ## - SOURCE DATA FOUND

  • Source citation: Work cat.: (GE_BSU): ყიფიანი, გურამ 13514, ქალაქი "Eoupiov"-ი = The city of "Eoupiov" /